| 000 | 00978nam a2200301Ia 4500 | ||
|---|---|---|---|
| 003 | OSt | ||
| 005 | 20221007124024.0 | ||
| 006 | a|||||r|||| 00| 0 | ||
| 007 | ta | ||
| 008 | 221006b |||||||| |||| 00| 0 eng d | ||
| 020 | _a9780470035863 (hbd) | ||
| 024 | _a84432 | ||
| 037 |
_b629, 20/07/2009, Ashutosh Technical Books _cTextbook |
||
| 040 |
_aCDL _cCDL _beng |
||
| 041 |
_2eng _aeng |
||
| 082 | _aE5:4, P8 Carc | ||
| 100 |
_aYoshida Jun-ichi _9718339 |
||
| 245 | 0 | _aFlash chemistry:fast organic synthesis in microsystems | |
| 260 |
_aChichester _bWiley _c2008 |
||
| 300 |
_aix, 234p. _ccm. |
||
| 500 | _aIncludes bibliographical references.; Index 225-234p. | ||
| 650 |
_a Intermediates _9718340 |
||
| 650 |
_a Microreactors _9718341 |
||
| 650 | _a Organic compounds-synthesis | ||
| 650 | _aChemistry | ||
| 942 |
_hE5:4, P8 Carc _cTB _2CC |
||
| 999 |
_c1212808 _d1212808 |
||